[Event "29. Torneo Collado Villalba 2012"]
[Site "Collado Villalba ESP"]
[Date "2012.08.31"]
[Round "8.2"]
[White "Garcia Vicente, Nieves"]
[Black "Arribas Lopez, Angel"]
[Result "0-1"]
[WhiteElo "2190"]
[BlackElo "2467"]
[PlyCount "98"]
[EventDate "2012.08.24"]
[EventType "swiss"]
[EventRounds "9"]
[EventCountry "ESP"]
[Source "lmi"]
[SourceDate "2012.08.24"]

1. d4 e6 2. c4 b6 3. Nf3 Bb7 4. a3 Nf6 5. Nc3 d5 6. cxd5 exd5 7. Bf4 Bd6 8. Bg3
a6 9. e3 O-O 10. Be2 Ne4 11. Qb3 Nxg3 12. hxg3 Re8 13. O-O-O Bf8 14. Kb1 h6 15.
Rh5 g6 16. Re5 Nd7 17. Rxe8 Qxe8 18. Nd2 Nf6 19. Bf3 Qd7 20. Ka1 a5 21. e4 a4
22. Qc2 Bg7 23. e5 Ne8 24. Nc4 Bf8 25. Ne3 c6 26. Nxa4 Qd8 27. Kb1 Ng7 28. Nc3
b5 29. Na2 Ra4 30. Qb3 Qb6 31. Nc2 Bc8 32. Nc3 Rc4 33. Be2 Bf5 34. Bd3 Bxd3 35.
Rxd3 Ne6 36. Ne2 Bc5 37. Rd2 Nxd4 38. Nexd4 Bxd4 39. Nxd4 Rxd4 40. Qe3 c5 41.
Qxh6 Rxd2 42. Qxd2 d4 43. f4 Qc6 44. Qe2 c4 45. Qf3 Qe6 46. Kc1 d3 47. Kd2 Qb6
48. Qe3 Qa5+ 49. Kc1 Qa4 0-1

[Event "29. Torneo Collado Villalba 2012"]
[Site "Collado Villalba ESP"]
[Date "2012.08.31"]
[Round "8.3"]
[White "Bermejo Arruego, Luis"]
[Black "Vazquez Igarza, Renier"]
[Result "0-1"]
[WhiteElo "2188"]
[BlackElo "2570"]
[PlyCount "66"]
[EventDate "2012.08.24"]
[EventType "swiss"]
[EventRounds "9"]
[EventCountry "ESP"]
[Source "lmi"]
[SourceDate "2012.08.24"]

1. e4 c5 2. Nf3 d6 3. Bb5+ Bd7 4. Bxd7+ Qxd7 5. c4 Nc6 6. Nc3 g6 7. d4 Bg7 8.
Be3 cxd4 9. Nxd4 Nf6 10. f3 O-O 11. O-O a6 12. a4 Rac8 13. b3 e6 14. Rc1 Rfe8
15. Qd2 Na5 16. Qa2 Qd8 17. Rfe1 Nd7 18. Rcd1 Be5 19. Nce2 Qc7 20. f4 Bg7 21.
Ng3 e5 22. Nf3 exf4 23. Bxf4 Qb6+ 24. Qf2 Qxf2+ 25. Kxf2 Nxb3 26. Rxd6 Nf6 27.
e5 Ng4+ 28. Kg1 Rxc4 29. Re4 Rxe4 30. Nxe4 Nxe5 31. Bxe5 Bxe5 32. Rb6 Na5 33.
Nc5 Bf4 0-1

[Event "29. Torneo Collado Villalba 2012"]
[Site "Collado Villalba ESP"]
[Date "2012.08.31"]
[Round "8.4"]
[White "Lopez Mulet, Iñigo"]
[Black "Renteria, Jorge"]
[Result "0-1"]
[WhiteElo "1960"]
[BlackElo "2307"]
[PlyCount "98"]
[EventDate "2012.08.24"]
[EventType "swiss"]
[EventRounds "9"]
[EventCountry "ESP"]
[Source "lmi"]
[SourceDate "2012.08.24"]

1. d4 Nf6 2. c4 c5 3. d5 b5 4. cxb5 a6 5. bxa6 g6 6. Nc3 Bxa6 7. g3 d6 8. Bg2
Bg7 9. Nf3 Nfd7 10. Bd2 Nb6 11. O-O Nc4 12. Qc2 Nxd2 13. Nxd2 Nd7 14. Rfe1 O-O
15. f4 Qa5 16. e4 Rab8 17. Rab1 Rxb2 18. Rxb2 Qxc3 19. Qxc3 Bxc3 20. Rc2 Bd4+
21. Kh1 Bd3 22. Rcc1 Bb2 23. Rcd1 Bc2 24. Rc1 Bxc1 25. Rxc1 Ba4 26. Rb1 Ra8 27.
Bf1 f5 28. Rb7 Kf8 29. Bc4 h6 30. Kg2 Rd8 31. Kf3 Nf6 32. Rb2 Bd1+ 33. Ke3 Ra8
34. exf5 gxf5 35. h3 Bh5 36. Nb1 Ra4 37. Bb3 Re4+ 38. Kf2 c4 39. Ba4 Nxd5 40.
Bc6 Rd4 41. Rb5 c3 42. Nxc3 Nxc3 43. Rxf5+ Bf7 44. g4 e6 45. Rf6 Kg7 46. g5
hxg5 47. fxg5 Rc4 48. Bf3 Ra4 49. Kg3 Rxa2 0-1

[Event "29. Torneo Collado Villalba 2012"]
[Site "Collado Villalba ESP"]
[Date "2012.08.31"]
[Round "8.5"]
[White "Martin Martin, Luis Vicente"]
[Black "Martin Rueda, Daniel"]
[Result "0-1"]
[WhiteElo "2069"]
[BlackElo "2297"]
[PlyCount "68"]
[EventDate "2012.08.24"]
[EventType "swiss"]
[EventRounds "9"]
[EventCountry "ESP"]
[Source "lmi"]
[SourceDate "2012.08.24"]

1. d4 Nf6 2. Bf4 d5 3. e3 c5 4. c3 Nc6 5. Nd2 e6 6. Ngf3 Nh5 7. Bg5 Qb6 8. Qb3
h6 9. Bh4 g5 10. Bg3 Nxg3 11. hxg3 Bg7 12. dxc5 Qxc5 13. Be2 O-O 14. O-O f5 15.
Nd4 e5 16. Nb5 Rf7 17. Qd1 a6 18. Nb3 Qe7 19. Bh5 Rf8 20. Na3 Be6 21. Be2 Rad8
22. Qc2 g4 23. Rad1 b5 24. Nb1 h5 25. Nc1 h4 26. gxh4 Qxh4 27. g3 Qh3 28. Rfe1
e4 29. Bf1 Qh6 30. Ne2 Ne5 31. Bg2 Nf3+ 32. Kf1 d4 33. exd4 Bc4 34. b3 Bd3 0-1

[Event "29. Torneo Collado Villalba 2012"]
[Site "Collado Villalba ESP"]
[Date "2012.08.31"]
[Round "8.6"]
[White "Prieto Martin, Alfonso"]
[Black "Sanchez Gonzalez, Sergio"]
[Result "0-1"]
[WhiteElo "2146"]
[BlackElo "2273"]
[PlyCount "102"]
[EventDate "2012.08.24"]
[EventType "swiss"]
[EventRounds "9"]
[EventCountry "ESP"]
[Source "lmi"]
[SourceDate "2012.08.24"]

1. d4 Nf6 2. Nc3 d5 3. Bg5 Nbd7 4. Nf3 c6 5. Qd3 e6 6. e4 dxe4 7. Nxe4 Be7 8.
Nxf6+ Nxf6 9. O-O-O O-O 10. Kb1 c5 11. c3 cxd4 12. Qc2 Qa5 13. Rxd4 e5 14. Ra4
Qc5 15. Rc4 Qd5 16. Bd3 g6 17. Re1 e4 18. Rcxe4 Nxe4 19. Bxe7 Nc5 20. Re5 Qxd3
21. Bxf8 Kxf8 22. Rxc5 Qf1+ 23. Qc1 Bf5+ 24. Rxf5 Qxc1+ 25. Kxc1 gxf5 26. Nd4
Re8 27. Kd2 Re5 28. b4 f4 29. Nf3 Re6 30. a4 Ra6 31. a5 b6 32. axb6 axb6 33.
Nd4 Ra1 34. Ke2 Rc1 35. Nb5 Ke7 36. Kf3 Rc2 37. g3 fxg3 38. hxg3 f5 39. Ke3 Kf6
40. f4 Rc1 41. Kf3 Kg6 42. Ke3 Kh5 43. Kd2 Rg1 44. Nd4 Kg4 45. c4 Rg2+ 46. Kc3
Rxg3+ 47. Kc2 Rg2+ 48. Kc3 Kxf4 49. c5 bxc5 50. bxc5 Ke5 51. Kc4 Rg4 0-1

[Event "29. Torneo Collado Villalba 2012"]
[Site "Collado Villalba ESP"]
[Date "2012.08.31"]
[Round "8.7"]
[White "Rasskin Friederichs, Ivan"]
[Black "Gonzalez Mateos, Rafael"]
[Result "1/2-1/2"]
[WhiteElo "2027"]
[BlackElo "2161"]
[PlyCount "64"]
[EventDate "2012.08.24"]
[EventType "swiss"]
[EventRounds "9"]
[EventCountry "ESP"]
[Source "lmi"]
[SourceDate "2012.08.24"]

1. e4 e6 2. d4 d5 3. e5 c5 4. c3 Qb6 5. Nf3 Nc6 6. a3 c4 7. Nbd2 f6 8. Nh4 g6
9. f4 f5 10. b3 cxb3 11. Nxb3 Na5 12. Nxa5 Qxa5 13. Bd2 Bd7 14. c4 Qd8 15. Nf3
Bc6 16. c5 Be7 17. Rb1 Qc7 18. Bd3 Nh6 19. h3 Kf8 20. g4 Kg7 21. g5 Nf7 22. Kf2
h6 23. gxh6+ Rxh6 24. Qe2 Rah8 25. Rbg1 Kf8 26. Rg3 R8h7 27. Kg2 Rg7 28. h4
Rgh7 29. Rgh3 Rh5 30. Qf2 Qd8 31. Be1 b6 32. cxb6 Qxb6 1/2-1/2

[Event "29. Torneo Collado Villalba 2012"]
[Site "Collado Villalba ESP"]
[Date "2012.08.31"]
[Round "8.8"]
[White "Draghici Flutur, Gavril"]
[Black "Colas Longares, Rafael P"]
[Result "0-1"]
[WhiteElo "2099"]
[BlackElo "2336"]
[PlyCount "28"]
[EventDate "2012.08.24"]
[EventType "swiss"]
[EventRounds "9"]
[EventCountry "ESP"]
[Source "lmi"]
[SourceDate "2012.08.24"]

1. e4 c5 2. Nf3 Nc6 3. Bb5 a6 4. Bxc6 dxc6 5. O-O Qc7 6. e5 Bg4 7. Re1 e6 8. d3
Ne7 9. h3 Bh5 10. a4 a5 11. Nc3 Nd5 12. Qe2 h6 13. Bd2 Be7 14. Ne4 O-O 0-1

[Event "29. Torneo Collado Villalba 2012"]
[Site "Collado Villalba ESP"]
[Date "2012.08.31"]
[Round "8.9"]
[White "Cao Armillas, Jesus"]
[Black "Estrada Martinez, Cesar"]
[Result "1-0"]
[WhiteElo "2163"]
[BlackElo "2111"]
[PlyCount "131"]
[EventDate "2012.08.24"]
[EventType "swiss"]
[EventRounds "9"]
[EventCountry "ESP"]
[Source "lmi"]
[SourceDate "2012.08.24"]

1. d4 d5 2. c4 c6 3. Nc3 Nf6 4. Nf3 e6 5. e3 Bd6 6. Bd3 Nbd7 7. e4 dxe4 8. Nxe4
Nxe4 9. Bxe4 Nf6 10. Bc2 Bb4+ 11. Bd2 Qa5 12. O-O Bxd2 13. Nxd2 O-O 14. Qe2 Re8
15. Rfe1 Qh5 16. Nf3 b6 17. Qe3 Ba6 18. b3 c5 19. Rad1 Rad8 20. h3 cxd4 21.
Rxd4 Rxd4 22. Qxd4 Qc5 23. Qd3 b5 24. Ne5 bxc4 25. bxc4 Qa5 26. Re2 Rd8 27. Qe3
Qc7 28. Bb3 h6 29. Re1 Nd7 30. Nxf7 Re8 31. Ne5 Nxe5 32. Qxe5 Qxe5 33. Rxe5 Bb7
34. f4 Kf7 35. Kf2 Kf6 36. g3 g5 37. Rb5 Re7 38. fxg5+ hxg5 39. Bd1 Rc7 40. c5
Bd5 41. a3 Ke5 42. Ke3 Bg2 43. Bg4 Rh7 44. c6+ Kd6 45. Rxg5 Bxh3 46. Bf3 Bf1
47. Rg8 Bb5 48. Rd8+ Kc5 49. Rc8 Kd6 50. g4 Rg7 51. Rd8+ Kc7 52. Ra8 Kd6 53.
Rc8 Ba4 54. Rd8+ Ke5 55. Rd4 Bb3 56. Rb4 Bd5 57. Rb7 Rg8 58. c7 Rc8 59. Rxa7
Kd6 60. Bxd5 Kxd5 61. a4 Rh8 62. a5 Rh3+ 63. Kd2 Rh2+ 64. Kc3 Rh1 65. a6 e5 66.
Rb7 1-0

[Event "29. Torneo Collado Villalba 2012"]
[Site "Collado Villalba ESP"]
[Date "2012.08.31"]
[Round "8.10"]
[White "Suarez Triguero, Jose Alfonso"]
[Black "Unciti Juan, Javier"]
[Result "0-1"]
[WhiteElo "2080"]
[BlackElo "2143"]
[PlyCount "40"]
[EventDate "2012.08.24"]
[EventType "swiss"]
[EventRounds "9"]
[EventCountry "ESP"]
[Source "lmi"]
[SourceDate "2012.08.24"]

1. e4 e6 2. d4 d5 3. Nc3 Bb4 4. Nge2 dxe4 5. a3 Bxc3+ 6. Nxc3 Nc6 7. Bb5 Nge7
8. Bg5 f6 9. Be3 O-O 10. Bxc6 Nxc6 11. d5 exd5 12. Qxd5+ Qxd5 13. Nxd5 Rf7 14.
Bf4 Bg4 15. h3 Bh5 16. Nxc7 Rc8 17. g4 Nd4 18. Kf1 Bg6 19. c3 Nb3 20. Rd1 Rfxc7
0-1

[Event "29. Torneo Collado Villalba 2012"]
[Site "Collado Villalba ESP"]
[Date "2012.08.31"]
[Round "8.11"]
[White "Pascual Palomo, Lucia"]
[Black "Martinez Alvira, Santiago"]
[Result "1-0"]
[WhiteElo "2120"]
[BlackElo "2000"]
[PlyCount "53"]
[EventDate "2012.08.24"]
[EventType "swiss"]
[EventRounds "9"]
[EventCountry "ESP"]
[Source "lmi"]
[SourceDate "2012.08.24"]

1. e4 c5 2. Nf3 d6 3. d4 cxd4 4. Nxd4 Nf6 5. Nc3 a6 6. Be2 e6 7. O-O Be7 8. a4
Qc7 9. a5 Nbd7 10. Be3 O-O 11. f4 b5 12. axb6 Nxb6 13. Kh1 Bb7 14. Bd3 d5 15.
e5 Ne4 16. Qh5 g6 17. Qh6 Nc4 18. Bxc4 dxc4 19. Rf3 Bg5 20. fxg5 Qxe5 21. Rh3
Qg7 22. Qh4 Nxc3 23. bxc3 Rfc8 24. Nf3 Bxf3 25. Rxf3 a5 26. Raf1 Rc7 27. Qe4
1-0

[Event "29. Torneo Collado Villalba 2012"]
[Site "Collado Villalba ESP"]
[Date "2012.08.31"]
[Round "8.12"]
[White "Erice Alonso, Santiago"]
[Black "Montoya Pecurul, Marc"]
[Result "1-0"]
[WhiteElo "2011"]
[BlackElo "1925"]
[PlyCount "79"]
[EventDate "2012.08.24"]
[EventType "swiss"]
[EventRounds "9"]
[EventCountry "ESP"]
[Source "lmi"]
[SourceDate "2012.08.24"]

1. e4 e5 2. f4 Bc5 3. Nf3 d6 4. Bc4 Nf6 5. d3 Nc6 6. c3 Bg4 7. h3 Bxf3 8. Qxf3
Qe7 9. f5 O-O-O 10. Bg5 h6 11. Bh4 Rdf8 12. Rf1 Qd7 13. Nd2 Kb8 14. O-O-O Ne7
15. Bb3 c6 16. Nc4 b5 17. Ne3 Qc7 18. d4 Bb6 19. Kb1 a5 20. Bxf6 gxf6 21. Ng4
Ng8 22. Rd2 h5 23. Ne3 a4 24. Bc2 Ne7 25. Rfd1 Rd8 26. b3 a3 27. b4 d5 28. Bb3
exd4 29. cxd4 Qd6 30. exd5 cxd5 31. Nc2 Qd7 32. Nxa3 Nxf5 33. Nxb5 Rhg8 34.
Qf4+ Kb7 35. Nc3 Qc6 36. Qxf5 Qxc3 37. Bxd5+ Ka7 38. Bf3 Bxd4 39. Qa5+ Kb8 40.
Qb5+ 1-0

[Event "29. Torneo Collado Villalba 2012"]
[Site "Collado Villalba ESP"]
[Date "2012.08.31"]
[Round "8.13"]
[White "Pastor Alonso de Prado, Alberto"]
[Black "Lopez Heras, Arturo"]
[Result "1-0"]
[WhiteElo "2172"]
[BlackElo "1971"]
[PlyCount "29"]
[EventDate "2012.08.24"]
[EventType "swiss"]
[EventRounds "9"]
[EventCountry "ESP"]
[Source "lmi"]
[SourceDate "2012.08.24"]

1. e4 d6 2. d4 Nf6 3. Nc3 e5 4. Nf3 Nbd7 5. Bc4 Be7 6. O-O O-O 7. Re1 c6 8. a4
exd4 9. Nxd4 Ne5 10. Bf1 Re8 11. h3 Qa5 12. Nb3 Qb4 13. a5 b5 14. Bd2 Nc4 15.
Nd5 1-0

[Event "29. Torneo Collado Villalba 2012"]
[Site "Collado Villalba ESP"]
[Date "2012.08.31"]
[Round "8.14"]
[White "Garcia-Ruiz Fuentes, Angel M"]
[Black "Martinez De Miguel, Pedro"]
[Result "1/2-1/2"]
[WhiteElo "1942"]
[BlackElo "2121"]
[PlyCount "87"]
[EventDate "2012.08.24"]
[EventType "swiss"]
[EventRounds "9"]
[EventCountry "ESP"]
[Source "lmi"]
[SourceDate "2012.08.24"]

1. e4 c5 2. Nf3 d6 3. d4 cxd4 4. Nxd4 Nf6 5. Nc3 a6 6. f4 e5 7. Nf3 Qc7 8. a4
Be6 9. Bd3 Nbd7 10. O-O Be7 11. Kh1 Rc8 12. Qe1 Nc5 13. f5 Bd7 14. a5 b5 15.
axb6 Qxb6 16. Qe2 a5 17. Nd2 a4 18. Re1 O-O 19. Bb5 Ncxe4 20. Ndxe4 Nxe4 21.
Be3 Nxc3 22. Bxb6 Nxe2 23. Bxd7 Rxc2 24. Bxa4 Rxb2 25. Be3 Ra8 26. Bc6 Rxa1 27.
Rxa1 Rb8 28. g3 h6 29. Kg2 Bg5 30. Kf3 Bxe3 31. Kxe2 Bd4 32. Ra8 Rxa8 33. Bxa8
Kf8 34. Kd3 Ke7 35. Ke4 Kf6 36. Bd5 h5 37. h3 g6 38. fxg6 Kxg6 39. g4 hxg4 40.
hxg4 Bb2 41. Bb3 f6 42. Be6 Kg5 43. Bf5 d5+ 44. Kxd5 1/2-1/2

[Event "29. Torneo Collado Villalba 2012"]
[Site "Collado Villalba ESP"]
[Date "2012.08.31"]
[Round "8.15"]
[White "Velasco Garcia, Jorge Juan"]
[Black "Ginesta Caballero, Olga Lucia"]
[Result "0-1"]
[WhiteElo "1920"]
[BlackElo "2093"]
[PlyCount "110"]
[EventDate "2012.08.24"]
[EventType "swiss"]
[EventRounds "9"]
[EventCountry "ESP"]
[Source "lmi"]
[SourceDate "2012.08.24"]

1. d4 f5 2. g3 Nf6 3. Nf3 e6 4. Bg2 Be7 5. O-O O-O 6. c4 d6 7. b3 Qe8 8. Qc2
Nc6 9. Bb2 Nb4 10. Qc3 a5 11. a3 Ne4 12. Qc1 Na6 13. Nfd2 d5 14. f3 Nf6 15. Nc3
c5 16. Nb5 Bd7 17. a4 Rc8 18. e4 fxe4 19. fxe4 Nb4 20. Rf3 Qg6 21. e5 Ng4 22.
Nd6 Bxd6 23. exd6 cxd4 24. Bxd4 Nc2 25. Qb2 Nxa1 26. Qxa1 dxc4 27. Rxf8+ Rxf8
28. Be4 Qh6 29. Nf3 cxb3 30. Qa3 Qh3 31. Qb2 Bxa4 32. Bxb7 Bb5 33. Qa1 Nxh2 34.
Nxh2 Qxg3+ 35. Bg2 b2 36. Qb1 Bd3 37. Qxb2 Qe1+ 38. Nf1 Bxf1 39. Bf2 Qxf2+ 40.
Qxf2 Rxf2 41. Kxf2 Bb5 42. Ke3 Kf8 43. Kd4 Bd7 44. Be4 h5 45. Kc5 a4 46. Kb6 a3
47. Bb1 e5 48. Kc7 Be6 49. Ba2 Bg4 50. Bd5 e4 51. Bc4 e3 52. Be2 a2 53. Bxg4
a1=Q 54. d7 Qa7+ 55. Kd6 Qxd7+ 0-1

[Event "29. Torneo Collado Villalba 2012"]
[Site "Collado Villalba ESP"]
[Date "2012.08.31"]
[Round "8.16"]
[White "Gonzalez Mateo, Jose Luis"]
[Black "Lorite Cruz, Francisco"]
[Result "0-1"]
[WhiteElo "1781"]
[BlackElo "2039"]
[PlyCount "82"]
[EventDate "2012.08.24"]
[EventType "swiss"]
[EventRounds "9"]
[EventCountry "ESP"]
[Source "lmi"]
[SourceDate "2012.08.24"]

1. d4 Nf6 2. Bg5 e6 3. e4 h6 4. Bxf6 Qxf6 5. c3 d6 6. Bd3 e5 7. d5 g6 8. Ne2
Bg7 9. O-O O-O 10. Nd2 Qe7 11. f4 exf4 12. Nxf4 Nd7 13. Nf3 h5 14. Qe1 Ne5 15.
Bc2 b6 16. Kh1 a5 17. a4 Bd7 18. Nd3 Nxf3 19. gxf3 Rae8 20. Qg3 Bf6 21. Rg1 Kh8
22. Qf4 Bg7 23. Rae1 Kh7 24. Qg3 c6 25. e5 cxd5 26. Nf4 Bxe5 27. Rxe5 Qxe5 28.
Bxg6+ Kh6 29. Bxf7 Qf6 30. Nxh5 Qxf7 31. Qg5+ Kh7 32. f4 d4 33. Qg2 Rg8 34. Ng3
Bf5 35. Qf3 Re3 36. Qf2 Qd5+ 37. Rg2 Bh3 38. Ne4 Bxg2+ 39. Qxg2 Rxg2 40. Nf6+
Kg7 41. Nxd5 Rxb2 0-1

[Event "29. Torneo Collado Villalba 2012"]
[Site "Collado Villalba ESP"]
[Date "2012.08.31"]
[Round "8.17"]
[White "Hernandez Yañez, Javier"]
[Black "Garcia Saez, Juan Carlos"]
[Result "1-0"]
[WhiteElo "1952"]
[BlackElo "2004"]
[PlyCount "81"]
[EventDate "2012.08.24"]
[EventType "swiss"]
[EventRounds "9"]
[EventCountry "ESP"]
[Source "lmi"]
[SourceDate "2012.08.24"]

1. c4 c5 2. g3 g6 3. Bg2 Bg7 4. Nc3 Nc6 5. a3 Nf6 6. e4 d6 7. Nge2 Bg4 8. f3
Be6 9. Nd5 O-O 10. d3 Ne8 11. Rb1 Nd4 12. Bg5 Bxd5 13. exd5 h6 14. Bd2 e6 15.
Nxd4 cxd4 16. dxe6 fxe6 17. O-O Rb8 18. Qe2 Nc7 19. f4 Qf6 20. Bb4 Rfd8 21. b3
Na6 22. Bh3 Kf7 23. Rbe1 Nc7 24. a4 Bf8 25. g4 Qh4 26. Qf3 Qf6 27. Qg3 Kg7 28.
Bd2 Qf7 29. Rf3 d5 30. Qf2 dxc4 31. bxc4 Kh7 32. f5 exf5 33. gxf5 g5 34. f6 Re8
35. Bf5+ Kg8 36. Be4 Rxe4 37. Rxe4 Ne6 38. h4 Rd8 39. hxg5 hxg5 40. Qg2 Bh6 41.
Qh3 1-0

[Event "29. Torneo Collado Villalba 2012"]
[Site "Collado Villalba ESP"]
[Date "2012.08.31"]
[Round "8.18"]
[White "Torres Samper, Rafael"]
[Black "Serrano Martinez, Francisco Jose"]
[Result "1-0"]
[WhiteElo "2000"]
[BlackElo "1958"]
[PlyCount "39"]
[EventDate "2012.08.24"]
[EventType "swiss"]
[EventRounds "9"]
[EventCountry "ESP"]
[Source "lmi"]
[SourceDate "2012.08.24"]

1. e4 c5 2. Nf3 Nc6 3. d4 cxd4 4. Nxd4 g6 5. Nc3 Bg7 6. Be3 Nf6 7. Bc4 Qa5 8.
O-O O-O 9. Bb3 d6 10. f3 Bd7 11. Qd2 Qh5 12. Rad1 a6 13. Nde2 Rac8 14. Nd5 Nxd5
15. exd5 Bxb2 16. dxc6 Bxc6 17. c3 Ba3 18. Ng3 Qe5 19. Rfe1 Qa5 20. Bg5 1-0

[Event "29. Torneo Collado Villalba 2012"]
[Site "Collado Villalba ESP"]
[Date "2012.08.31"]
[Round "8.19"]
[White "Martin Carmona, Gaston Manuel"]
[Black "Perez Cameselle, Francisco"]
[Result "1-0"]
[WhiteElo "1779"]
[BlackElo "1843"]
[PlyCount "55"]
[EventDate "2012.08.24"]
[EventType "swiss"]
[EventRounds "9"]
[EventCountry "ESP"]
[Source "lmi"]
[SourceDate "2012.08.24"]

1. d4 Nf6 2. c4 e6 3. Nc3 Bb4 4. a3 Bxc3+ 5. bxc3 d6 6. Nf3 O-O 7. Bg5 h6 8.
Bh4 Nbd7 9. e3 Qe7 10. Bd3 e5 11. Bc2 b6 12. Ba4 g5 13. Bc6 Rb8 14. Bg3 Bb7 15.
Bxb7 Rxb7 16. O-O Ne4 17. Qc2 f5 18. Nd2 Nxd2 19. Qxd2 f4 20. dxe5 Qxe5 21.
exf4 gxf4 22. Rae1 Qg5 23. h4 Qh5 24. Bxf4 Rbb8 25. Bxh6 Rf7 26. Qg5+ Qxg5 27.
Bxg5 Ne5 28. Re4 1-0

[Event "29. Torneo Collado Villalba 2012"]
[Site "Collado Villalba ESP"]
[Date "2012.08.31"]
[Round "8.20"]
[White "Rodriguez De Robles, Ignacio"]
[Black "Saez Gabikagogeaskoa, Oscar"]
[Result "0-1"]
[WhiteElo "1931"]
[BlackElo "1989"]
[PlyCount "56"]
[EventDate "2012.08.24"]
[EventType "swiss"]
[EventRounds "9"]
[EventCountry "ESP"]
[Source "lmi"]
[SourceDate "2012.08.24"]

1. e4 c5 2. Nf3 Nc6 3. d4 cxd4 4. Nxd4 Nf6 5. Nc3 e5 6. Ndb5 d6 7. Bg5 a6 8.
Na3 b5 9. Nd5 Be7 10. Bxf6 Bxf6 11. c3 O-O 12. Nc2 Bg5 13. h4 Bh6 14. g4 Bf4
15. Qf3 Be6 16. Nxf4 Qf6 17. Ne3 exf4 18. Nf5 b4 19. Be2 bxc3 20. Qxc3 Ne5 21.
Nxd6 Bxg4 22. Bxg4 Qxd6 23. Rd1 Qf6 24. Bf5 Rad8 25. Rxd8 Rxd8 26. Rh3 g6 27.
Bc8 f3 28. Bb7 Nd3+ 0-1

[Event "29. Torneo Collado Villalba 2012"]
[Site "Collado Villalba ESP"]
[Date "2012.08.31"]
[Round "8.21"]
[White "Herrero Corada, Jose Ignacio"]
[Black "Lopez Ziegler, Carlos"]
[Result "0-1"]
[WhiteElo "1850"]
[BlackElo "1918"]
[PlyCount "104"]
[EventDate "2012.08.24"]
[EventType "swiss"]
[EventRounds "9"]
[EventCountry "ESP"]
[Source "lmi"]
[SourceDate "2012.08.24"]

1. e4 Nf6 2. Nc3 d5 3. exd5 Nxd5 4. Bc4 Nb6 5. Bb3 e5 6. Qh5 Qf6 7. Nf3 Bd6 8.
Ne4 Qg6 9. Qxg6 hxg6 10. d4 Nc6 11. Be3 f6 12. O-O-O Bf5 13. Nxd6+ cxd6 14.
dxe5 dxe5 15. h3 Be4 16. Bxb6 Bxf3 17. gxf3 axb6 18. c3 Rh4 19. Rhg1 g5 20. Rg3
Ke7 21. Rd5 Ra5 22. Kd2 Nd8 23. Rd3 Ne6 24. Bxe6 Kxe6 25. a3 Rb5 26. b4 Rd5 27.
a4 Rxd3+ 28. Kxd3 Kd5 29. Kc2 Ke6 30. Kd3 Kf5 31. Ke3 Ke6 32. Kd3 g6 33. Ke3
Kf5 34. Ke2 Ke6 35. Ke3 Kd5 36. Kd3 Kd6 37. Ke3 Ke6 38. Kd3 Kd5 39. Kc2 Rh5 40.
Kd3 f5 41. c4+ Ke6 42. Kc3 Kf6 43. a5 bxa5 44. bxa5 f4 45. Rg1 Rxh3 46. Rd1
Rxf3+ 47. Kb4 Rxf2 48. Rd6+ Kf5 49. Kc5 g4 50. Rb6 g3 51. Rb1 g2 52. Rg1 f3 0-1

[Event "29. Torneo Collado Villalba 2012"]
[Site "Collado Villalba ESP"]
[Date "2012.08.31"]
[Round "8.22"]
[White "Gutierrez Mordini, Pablo"]
[Black "Perez De Villar Muñoz , Eusebio"]
[Result "0-1"]
[WhiteElo "1690"]
[BlackElo "2023"]
[PlyCount "66"]
[EventDate "2012.08.24"]
[EventType "swiss"]
[EventRounds "9"]
[EventCountry "ESP"]
[Source "lmi"]
[SourceDate "2012.08.24"]

1. d4 Nf6 2. c4 e5 3. dxe5 Ne4 4. Nf3 Nc6 5. e3 d6 6. exd6 Bxd6 7. a3 Qf6 8.
Nbd2 Bf5 9. Nxe4 Bxe4 10. Bd3 Bxd3 11. Qxd3 O-O-O 12. Qc2 g5 13. Bd2 Ne5 14.
Bc3 Nxf3+ 15. gxf3 Qxf3 16. Rf1 Rhe8 17. Qe2 Qe4 18. O-O-O Bxh2 19. Bd4 Rxd4
20. Rxd4 Qxd4 21. Qc2 Qe4 22. Rd1 Qxc2+ 23. Kxc2 Be5 24. Rh1 Rh8 25. Rh5 f6 26.
Rh6 Kd7 27. b4 Ke7 28. Kd3 Kf7 29. Ke4 Kg7 30. Rh1 Re8 31. Kf5 Bb2 32. Rd1 Re5+
33. Kg4 Kg6 0-1

[Event "29. Torneo Collado Villalba 2012"]
[Site "Collado Villalba ESP"]
[Date "2012.08.31"]
[Round "8.23"]
[White "Torres Grajales, Ramon"]
[Black "Garcia-Sanchez Navarro, Mariano"]
[Result "1-0"]
[WhiteElo "2017"]
[BlackElo "1502"]
[PlyCount "85"]
[EventDate "2012.08.24"]
[EventType "swiss"]
[EventRounds "9"]
[EventCountry "ESP"]
[Source "lmi"]
[SourceDate "2012.08.24"]

1. e4 e5 2. Nf3 Nc6 3. Bb5 Nf6 4. Nc3 Bc5 5. Nxe5 Bxf2+ 6. Kxf2 Nxe5 7. d4
Nfg4+ 8. Kg1 Qh4 9. Qe2 a6 10. dxe5 axb5 11. Nxb5 O-O 12. Bf4 Ra5 13. Bg3 Qg5
14. Nxc7 Nxe5 15. b4 Ra3 16. Nd5 d6 17. Bf4 Qh4 18. Qf2 Qd8 19. Qd4 Re8 20. h3
Be6 21. Bc1 Rg3 22. Qf2 Qh4 23. Bf4 Nf3+ 24. Kf1 Rg6 25. Qxf3 Bxd5 26. exd5 Rf6
27. g3 Qh6 28. Bxh6 Rxf3+ 29. Kg2 Rc3 30. Rhe1 Rxc2+ 31. Kf3 Rxe1 32. Rxe1 gxh6
33. a4 Rc4 34. Re4 Rc3+ 35. Re3 Rc1 36. Re7 Rf1+ 37. Kg2 Ra1 38. a5 b6 39. axb6
Ra2+ 40. Kf3 Ra3+ 41. Ke2 Kf8 42. b7 Kxe7 43. b8=Q 1-0

[Event "29. Torneo Collado Villalba 2012"]
[Site "Collado Villalba ESP"]
[Date "2012.09.01"]
[Round "9.1"]
[White "Arribas Lopez, Angel"]
[Black "Vazquez Igarza, Renier"]
[Result "1/2-1/2"]
[WhiteElo "2467"]
[BlackElo "2570"]
[PlyCount "65"]
[EventDate "2012.08.24"]
[EventType "swiss"]
[EventRounds "9"]
[EventCountry "ESP"]
[Source "lmi"]
[SourceDate "2012.08.24"]

1. Nf3 Nf6 2. g3 b6 3. Bg2 Bb7 4. O-O c5 5. d3 g6 6. e4 d6 7. Nc3 Bg7 8. Nh4
Nc6 9. Be3 Nd7 10. Qd2 e5 11. Nd5 Ne7 12. Bg5 Bxd5 13. exd5 h6 14. Bxe7 Qxe7
15. Rae1 Bf6 16. Nf3 Kf8 17. Bh3 Bg5 18. Nxg5 hxg5 19. Bxd7 Qxd7 20. f3 Qf5 21.
Qe3 Kg7 22. Qe4 Rae8 23. Qa4 Re7 24. Qc6 Qd7 25. Qxd7 Rxd7 26. a4 f5 27. c4 Kf6
28. Rb1 a5 29. Rbe1 Re7 30. Re2 Rh3 31. b3 Reh7 32. Rff2 Rh8 33. Rf1 1/2-1/2

[Event "29. Torneo Collado Villalba 2012"]
[Site "Collado Villalba ESP"]
[Date "2012.09.01"]
[Round "9.2"]
[White "Martin Rueda, Daniel"]
[Black "Moreno Ruiz, Javier"]
[Result "1/2-1/2"]
[WhiteElo "2297"]
[BlackElo "2498"]
[PlyCount "42"]
[EventDate "2012.08.24"]
[EventType "swiss"]
[EventRounds "9"]
[EventCountry "ESP"]
[Source "lmi"]
[SourceDate "2012.08.24"]

1. e4 c5 2. Nf3 e6 3. d4 cxd4 4. Nxd4 Nf6 5. Nc3 Nc6 6. Nxc6 bxc6 7. e5 Nd5 8.
Ne4 Qc7 9. f4 Qa5+ 10. c3 Be7 11. Be2 Qb6 12. Qd3 a5 13. a3 O-O 14. c4 f5 15.
exf6 Nxf6 16. Be3 c5 17. Bf3 Bb7 18. Nxf6+ Bxf6 19. Bxb7 Qxb7 20. O-O Qc6 21.
Rab1 a4 1/2-1/2